=LDR 00000nam 2200000 4500 =001 INLIS000000000008540 =005 20130612100408 =008 ***********************************Ind** =035 ##$$0010-061300000008540 =041 ##$$a Ind =082 ##$$a 346.068 =090 ##$$a 346.068, Bud k =100 ##$$a Budiarto, Agus =245 ##$$a Kedudukan Huku\\m Dan Tanggung Jawab Pendiri Perseroan Terbatas, aggus Budiarto, SHM.Hum =260 ##$$a 2002 $b Jakarta =300 ##$$a 234 hln, 21 cm =650 ##$$a Perseroan Terbatas